Ingin kaya? : cepat kahwin!

Bibliographic Details
Format: Book
Published: KL : Al-Hidayah Pub , 2008
Subjects:

MARC

LEADER 00000cam a2200000 7i4500
001 0000034873
005 20130103.0
008 130103
020 |a 9830998206 
090 0 0 |a 297.577   |b ING 
245 1 0 |a Ingin kaya? :   |b cepat kahwin!   |c penyusun Abdul Halim Sholeh 
260 |a KL :   |b Al-Hidayah Pub ,   |c 2008 
650 0 |a Marriage   |x Religious aspects   |x Islam 
999 |a 0001153697   |b Book   |c Adult Collection   |e Perbadanan Perpustakaan Awam Johor 
999 |a 0001153698   |b Book   |c Adult Collection   |e Perbadanan Perpustakaan Awam Johor 
999 |a 0001153699   |b Book   |c Adult Collection   |e Cawangan Urban Transformation Centre 
999 |a 0001153700   |b Book   |c Adult Collection   |e Cawangan Urban Transformation Centre